| 000 | 00323nam a2200121Ia 4500 | ||
|---|---|---|---|
| 005 | 20251222141835.0 | ||
| 008 | 251222s9999||||xx |||||||||||||| ||spa|| | ||
| 020 | _a978-9972-234-15-6 | ||
| 082 | _a343.052.46/I59 | ||
| 245 | 0 | _aBeneficios e Incentivos Tributarios: Selva, Amazonía y Agro | |
| 264 | _bPacífico | ||
| 942 | _cLIB | ||
| 999 |
_c7252 _d7252 |
||